=LDR 00000nam 2200000 4500 =001 INLIS000000000006136 =005 20130612094312 =008 ***********************************Ind** =035 ##$$0010-061300000006136 =041 ##$$a Ind =082 ##$$a 2x2.303 =090 ##$$a 2x2.303, Abb p =100 ##$$a Abbas, S. Ziyad =245 ##$$a Pilihan hadits politik ekonomi dan sosial, S. Ziyad Abbas =260 ##$$a 1991 $b Jakarta =300 ##$$a viii, 355 hlm., 21 cm =650 ##$$a Hadits, Politik =850 ##$$a NBPNMAT =990 ##$$a 1260112601 =990 ##$$a 01201712601 =990 ##$$a DW00025670 =990 ##$$a DW00025673 =990 ##$$a 01201712601 =990 ##$$a DW00025670 =990 ##$$a DW00025673